Analysis of labour productivity of road construction projects in Pakistan (Record no. 551461)
[ view plain ]
| 000 -LEADER | |
|---|---|
| fixed length control field | 00508nam a22001577a 4500 |
| 082 ## - DEWEY DECIMAL CLASSIFICATION NUMBER | |
| Classification number | T-171, CEM |
| 100 ## - MAIN ENTRY--PERSONAL NAME | |
| Personal name | Abu Bakar Muzamil |
| 9 (RLIN) | 48579 |
| 245 ## - TITLE STATEMENT | |
| Title | Analysis of labour productivity of road construction projects in Pakistan |
| Statement of responsibility, etc. | Abu Bakar Muzamil |
| 260 ## - PUBLICATION, DISTRIBUTION, ETC. | |
| Place of publication, distribution, etc. | Risalpur |
| Name of publisher, distributor, etc. | MCE |
| Date of publication, distribution, etc. | 2014 |
| 300 ## - PHYSICAL DESCRIPTION | |
| Extent | p 176.: |
| 526 ## - STUDY PROGRAM INFORMATION NOTE | |
| Program name | 0 |
| Interest level | 0 |
| Reading level | 0 |
| Title point value | T_171_CEM |
| 650 ## - SUBJECT ADDED ENTRY--TOPICAL TERM | |
| Topical term or geographic name entry element | MSc in Construction Engineering and Management |
| 9 (RLIN) | 48580 |
| 650 ## - SUBJECT ADDED ENTRY--TOPICAL TERM | |
| Topical term or geographic name entry element | Thesis |
| 9 (RLIN) | 34811 |
| 700 ## - ADDED ENTRY--PERSONAL NAME | |
| Personal name | Dr Muhammad Bilal Khurshid. |
| 9 (RLIN) | 16538 |
| 942 ## - ADDED ENTRY ELEMENTS (KOHA) | |
| Source of classification or shelving scheme | |
| Koha item type | Book |
| Withdrawn status | Lost status | Source of classification or shelving scheme | Damaged status | Not for loan | Permanent Location | Current Location | Date acquired | Total Checkouts | Full call number | Barcode | Date last seen | Price effective from | Koha item type | Public note |
|---|---|---|---|---|---|---|---|---|---|---|---|---|---|---|
| Military College of Engineering (MCE) | Military College of Engineering (MCE) | 12/15/2014 | T-171, CEM | MCE-T-171, CEM | 12/15/2014 | 12/15/2014 | Book | Thesis |
